000 00533nam a2200181Ia 4500
005 20250326125703.0
008 250326s9999 xx 000 0 und d
037 _aTextbook
040 _aFMSL
_beng
_cFMSL
041 _aeng
_2eng
084 _aX:8M L1
_qFMSL
100 _aDepartment OF The Environment
_9739490
245 0 _aPlanned open office a primer for management
_cDepartment OF The Environment
260 _aLondon
_bLondon, HMSO
_c1971
300 _a20p
942 _cTB
_hX:8M L1
999 _c1279127
_d1279127